000 00380nam a22001697a 4500
005 20160615151615.0
008 160615b xxu||||| |||| 00| 0 eng d
020 _a978-81-203-4340-5
041 _aeng
082 _b7820
100 _aRajegopal K
_92016
245 _aEngineering Physics
260 _bPHI
300 _a553
650 _aDIPLOMA ENGINEERING
_9817
942 _cBK
999 _c2813
_d2812